| 000 | 00475ntaaa2200181 4500 | ||
|---|---|---|---|
| 003 | 01 | ||
| 005 | 20251027201550.0 | ||
| 008 | 0714s1973 ag 01 | ||
| 040 |
_aAR-BaBN _bspa _cAR-BaBN _eaacr _dRIC |
||
| 082 | _a230.0000 C34m | ||
| 100 |
_aChafer, Lewis Sperry _95680 |
||
| 245 | _aMajor Bible Themes | ||
| 250 | _a1 ed. | ||
| 260 |
_aChicago : _bBible Institute Colportage Association, _cc1926, 1937 |
||
| 300 | _a329 p. | ||
| 650 | _aTeologĂa-Sistemática | ||
| 942 | _cBK | ||
| 999 |
_c10274 _d10274 |
||